LEADER 02805nas a2200541 u 4500 001 000000004990 003 CaOOAMICUS 005 20070226104718.0 008 910227c19259999sp zxzp u0 u spa u 022 $a0304-4300 035 $a10132342 040 $aNIC$bita$cNIC$dMBTI$dMnMULS$dOCoLC$dAIP$dNSDP$dNST 042 $ansdp 082 $a205 130 0 $aAnalecta sacra Tarraconensia$g[Spogli].$0(OLS)http://pul/title/7273 210 0 $aAn. sacra Tarraconensia 222 0$aAnalecta sacra Tarraconensia 245 10$aAnalecta sacra Tarraconensia. 260 $aBarcelona :$bBalmesiana (Biblioteca Balmes) [etc.] 300 $av. :$bill., plates (part fold.) port., fold. map. ;$c24-28 cm 310 $aAnnual (varies) 362 0 $av. 1 (1925)- 500 $a"Revista de ciencias histórico-eclesiásticas"; subtitle varies. 510 2 $aMLA international bibliography of books and articles on the modern languages and literatures (Complete edition)$x0024-8215 510 2 $aAmerica, history and life$x0002-7065$b1959- 510 2 $aHistorical abstracts. Part A. Modern history abstracts$x0363-2717$b1959- 510 2 $aHistorical abstracts. Part B. Twentieth century abstracts$x0363-2725$b1959- 515 $aVol. 13 covers 1937-1940. 555 $aVols. 1-20, 1925-47 (Suppl. to v. 20) 1 v. 580 $aVols. 4-11, 13- include sect.: Bibliografía hispánica de ciencias histórico-eclesiásticas, fasc. [1]- 1925/27- (paged continuously, pub. also separately) 650 0$aReligious literature$xPeriodicals.$2//eng$0(OLS)http://pul/subject/4359 650 0$aTheology$xPeriodicals.$2//eng$0(OLS)http://pul/subject/4292 650 0$aTheology$xPeriodicals.$2//eng$0(OLS)http://pul/subject/1693 650 0$aTheology$xBibliography.$2//eng$0(OLS)http://pul/subject/4360 650 0$aReligious literature, Catalan.$2//eng$0(OLS)http://pul/subject/4361 651 0$aSpain$xChurch history$xBibliography.$2//eng$0(OLS)http://pul/subject/4362 651 0$aSpain$xChurch history.$2//eng$0(OLS)http://pul/subject/4363 710 2 $aBiblioteca Balmes.$0(OLS)http://pul/name/5187 710 2 $aFundación Balmesiana.$0(OLS)http://pul/name/5186 850 $aPUL 852 $aPUL$W1$xDP1 Riviste Correnti$y15$m3-31/DP345.A$j6942$nSE-PRI$bv.4 (1928)-$qPeriodici$B6942$CPULBib$Z2$F6942 $82 941 1 $a5 996 $6022$a0304-4300$9(OLS)http://pul/number/6448 996 $6082$a205$9(OLS)http://pul/classification/100 996 $6210$aAn. sacra Tarraconensia$9(OLS)http://pul/title/7274 996 $6222$aAnalecta sacra Tarraconensia$9(OLS)http://pul/title/7275 996 $6245$aAnalecta sacra Tarraconensia$9(OLS)http://pul/title/7275 996 $6260$aBarcelona :$bBalmesiana (Biblioteca Balmes) [etc.]$9(OLS)http://pul/publisher/50716 LEADER 01476nam a2200301 u 4500 001 000000079732 003 CaOOAMICUS 005 20070226123554.0 008 040611s1995 mdu u000 u eng u 020 $a0847679950 035 $a10998772 040 $aPUL$bita 245 00$aCatholicism, liberalism and communitarism :$bthe catholic intellectual tradition and the moral foundations of democracy /$cedited by Kenneth L. Grasso, Gerard V. Bradley, and Robert P. Hunt. 260 $aLanham :$bRowman & Littlefield,$cc1995. 300 $axi, 271 p. ;$c23 cm 504 $aComprende bibliografia. 650 4$aChiesa cattolica$zStati Uniti.$0(OLS)http://pul/subject/21939 650 4$aDemocrazia.$0(OLS)http://pul/subject/11947 650 4$aSociologia cristiana.$0(OLS)http://pul/subject/1594 700 1 $aGrasso, Kenneth L.$0(OLS)http://pul/name/53113 700 1 $aHunt, Robert P.$0(OLS)http://pul/name/53115 700 1 $aBradley, Gerard V.$0(OLS)http://pul/name/53114 850 $aPUL 852 $aPUL$W1$xSL Religione 3$y85$m261. 8 GRAKE 1$j101969$nBK-PRI$b $qDDC 21$B101969$CPULBib$Z2$F101969 $HPUL88051 $81 941 1 $a9 996 $6020$a0847679950$9(OLS)http://pul/number/105009 996 $6245$aCatholicism, liberalism and communitarism :$bthe catholic intellectual tradition and the moral foundations of democracy$9(OLS)http://pul/title/104439 996 $6260$aLanham :$bRowman & Littlefield$9(OLS)http://pul/publisher/75694